<?xml version="1.0" encoding="UTF-8"?>
<record
    xmlns:xsi="http://www.w3.org/2001/XMLSchema-instance"
    xsi:schemaLocation="http://www.loc.gov/MARC21/slim http://www.loc.gov/standards/marcxml/schema/MARC21slim.xsd"
    xmlns="http://www.loc.gov/MARC21/slim">

  <leader>01294nam a2200205 a 4500</leader>
  <controlfield tag="001">000039037</controlfield>
  <controlfield tag="005">20240510073817.0</controlfield>
  <controlfield tag="008">130515s19uu    dr            000 0 spa d</controlfield>
  <datafield tag="040" ind1=" " ind2=" ">
    <subfield code="a">DO-SdBNP</subfield>
    <subfield code="b">spa</subfield>
    <subfield code="c">BNPHU</subfield>
  </datafield>
  <datafield tag="082" ind1=" " ind2=" ">
    <subfield code="a">101</subfield>
    <subfield code="b">A347ma</subfield>
  </datafield>
  <datafield tag="100" ind1="1" ind2=" ">
    <subfield code="a">Alcantara, Juan F&#xE9;liz</subfield>
    <subfield code="9">1207</subfield>
  </datafield>
  <datafield tag="245" ind1="1" ind2="0">
    <subfield code="a">Manual de introducci&#xF3;n a la filosof&#xED;a /</subfield>
    <subfield code="c">Juan F&#xE9;liz Alc&#xE1;ntara.</subfield>
  </datafield>
  <datafield tag="260" ind1=" " ind2=" ">
    <subfield code="a">[Santo Domingo], :</subfield>
    <subfield code="b">[Universidad Cat&#xF3;lica Madre y Maestra],</subfield>
    <subfield code="c">[19-?].</subfield>
  </datafield>
  <datafield tag="300" ind1=" " ind2=" ">
    <subfield code="a">164 p. ;</subfield>
    <subfield code="c">22 cm.</subfield>
  </datafield>
  <datafield tag="504" ind1=" " ind2=" ">
    <subfield code="a">Bibliograf&#xED;a : p. 163-164</subfield>
  </datafield>
  <datafield tag="505" ind1="2" ind2=" ">
    <subfield code="t">Introducci&#xF3;n --</subfield>
    <subfield code="t">&#xBF;Qu&#xE9; es la filosof&#xED;a? --</subfield>
    <subfield code="t">El m&#xE9;todo de la filosof&#xED;a --</subfield>
    <subfield code="t">El objeto material y el objeto formal de la filosof&#xED;a --</subfield>
    <subfield code="t">Valor de la filosof&#xED;a --</subfield>
    <subfield code="t">Divisi&#xF3;n de la filosof&#xED;a --</subfield>
    <subfield code="t">Origen del conocimiento --</subfield>
    <subfield code="t">La ciencia y la filosof&#xED;a</subfield>
    <subfield code="t">Filosof&#xED;a y religi&#xF3;n --</subfield>
    <subfield code="t">Los grandes temas de la filosof&#xED;a --</subfield>
    <subfield code="t">Vida y pensamiento de grandes fil&#xF3;sofos</subfield>
    <subfield code="t">Her&#xE1;clito --</subfield>
    <subfield code="t">Dem&#xF3;crito --</subfield>
    <subfield code="t">S&#xF3;crates --</subfield>
    <subfield code="t">Plat&#xF3;n --</subfield>
    <subfield code="t">Arist&#xF3;teles --</subfield>
    <subfield code="t">Descartes --</subfield>
    <subfield code="t">Karl Marx --</subfield>
    <subfield code="t">El problema fundamental de la filosof&#xED;a</subfield>
    <subfield code="t">Los grandes sistemas y movimientos filos&#xF3;ficos --</subfield>
    <subfield code="t">Idealismo --</subfield>
    <subfield code="t">Materialismo --</subfield>
    <subfield code="t">Positivismo --</subfield>
    <subfield code="t">Existencialismo</subfield>
    <subfield code="t">&#xBF;Qu&#xE9; es la l&#xF3;gica? --</subfield>
  </datafield>
  <datafield tag="590" ind1=" " ind2=" ">
    <subfield code="a">Inventariado, 2019/VM</subfield>
  </datafield>
  <datafield tag="650" ind1=" " ind2="0">
    <subfield code="a">Filosof&#xED;a </subfield>
    <subfield code="9">813</subfield>
  </datafield>
  <datafield tag="910" ind1=" " ind2=" ">
    <subfield code="a">Validado. Control de calidad MFF</subfield>
  </datafield>
  <datafield tag="952" ind1=" " ind2=" ">
    <subfield code="0">0</subfield>
    <subfield code="1">0</subfield>
    <subfield code="7">1</subfield>
    <subfield code="8">PD</subfield>
    <subfield code="a">PD</subfield>
    <subfield code="b">PD</subfield>
    <subfield code="c">HD</subfield>
    <subfield code="d">2013-05-15</subfield>
    <subfield code="i">LF1</subfield>
    <subfield code="l">0</subfield>
    <subfield code="o">101 A347ma</subfield>
    <subfield code="p">39037-10</subfield>
    <subfield code="r">2020-06-25</subfield>
    <subfield code="w">2020-06-25</subfield>
    <subfield code="y">LFPD</subfield>
    <subfield code="Z">No se presta</subfield>
  </datafield>
  <datafield tag="952" ind1=" " ind2=" ">
    <subfield code="0">0</subfield>
    <subfield code="1">0</subfield>
    <subfield code="7">1</subfield>
    <subfield code="8">PD</subfield>
    <subfield code="a">PD</subfield>
    <subfield code="b">PD</subfield>
    <subfield code="c">HD</subfield>
    <subfield code="d">2019-02-12</subfield>
    <subfield code="i">LF1</subfield>
    <subfield code="l">0</subfield>
    <subfield code="o">101 A347ma</subfield>
    <subfield code="p">39037-20</subfield>
    <subfield code="r">2020-06-25</subfield>
    <subfield code="t">e. 2</subfield>
    <subfield code="w">2020-06-25</subfield>
    <subfield code="y">LFPD</subfield>
    <subfield code="Z">No se presta</subfield>
  </datafield>
  <datafield tag="999" ind1=" " ind2=" ">
    <subfield code="c">38527</subfield>
    <subfield code="d">38527</subfield>
  </datafield>
</record>
